书目信息 |
| 题名: |
自己来做绣
|
|
| 作者: | 郑美香 编 | |
| 分册: | ||
| 出版信息: | 上海 上海科学技术出版社 2005 |
|
| 页数: | 82页 | |
| 开本: | 23cm | |
| 丛书名: | ||
| 单 册: | ||
| 中图分类: | J523.6 | |
| 科图分类: | ||
| 主题词: | 刺绣--技法(美术) , 刺绣--图案--中国 | |
| 电子资源: | ||
| ISBN: | 7-5323-7822-5 | |
| 000 | 00966nam0 2200265 450 | |
| 001 | TS2006044456 | |
| 005 | 20061206144955.48 | |
| 010 | @a7-5323-7822-5@dCNY30.00 | |
| 100 | @a20060829d2005 em y0chiy0110 ea | |
| 101 | 0 | @achi |
| 102 | @aCN@b310000 | |
| 105 | @aa z 000yy | |
| 200 | 1 | @a自己来做绣@AZi Ji Lai Zuo Xiu@e十字绣DIY@EShi Zi Xiu DIY@f郑美香编@FZheng Mei Xiang Bian |
| 210 | @a上海@c上海科学技术出版社@d2005 | |
| 215 | @a82页@c图@d23cm | |
| 304 | @a伊美十字绣公司提供资料 部分文字由陈喆先生执笔撰写 | |
| 330 | @a本书主要介绍了十字绣的图案及相应绣法,其内容分饰品、婴儿用品、生活用品、情侣用品、贺卡、字母、圣诞节七类。书中不仅介绍了整体效果,而且在绣法中还对每幅图片都进行了针法介绍。 | |
| 517 | 1 | @a十字绣DIY@AShi Zi Xiu DIY |
| 606 | @a刺绣@y技法(美术) | |
| 606 | 0 | @a刺绣@x图案@y中国 |
| 610 | 0 | @a十字绣 |
| 690 | @aJ523.6@v4 | |
| 701 | 0 | @a郑美香@AZheng Mei Xiang@4编 |
| 801 | 0 | @aCN@b中图数据@c20061206 |
| 905 | @a10447@dJ523.6@e181 | |
| 自己来做绣:十字绣DIY/郑美香编.-上海:上海科学技术出版社,2005 |
| 82页:图;23cm |
| ISBN 7-5323-7822-5:CNY30.00 |
| 本书主要介绍了十字绣的图案及相应绣法,其内容分饰品、婴儿用品、生活用品、情侣用品、贺卡、字母、圣诞节七类。书中不仅介绍了整体效果,而且在绣法中还对每幅图片都进行了针法介绍。 |
| ● |
| 相关链接 |
|
|
|
|
正题名:自己来做绣
索取号:J523.6/181
 
预约/预借
| 序号 | 登录号 | 条形码 | 馆藏地/架位号 | 状态 | 备注 |
| 1 | 0603989 | 206039892 | 第一样本阅览室/ [索取号:J523.6/181] | 在馆 | |
| 2 | 0603990 | 206039909 | 第一借阅区/ [索取号:J523.6/181] | 在馆 | |
| 3 | 0603991 | 206039918 | 第一借阅区/ [索取号:J523.6/181] | 在馆 |